Datum a čas kvízu
37
Celkem bodů
Celkový počet nahraných bodů na tomto kvízu bez doplňovacích otázek.
2.
Pořadí na kvízu
Konečné umístění týmu na tomto kvízu.
Zaznamenané odpovědi
| # | Otázka | Odpověď | Body | Výsledky |
|---|---|---|---|---|
| -14. | Organizace Hlídač státu zveřej... | Aleš Michl | 0 | |
| -13. | Školský obvod nedaleko Houston... | má odhalené ňadro | 1 | |
| -12. | Televize Nova oznámila své chy... | Farma | 1 | |
| -11. | Cukrárna nedaleko Paříže překo... | jahody | 1 | |
| -10. | Minulý týden proběhla semifiná... | Sparta Praha, Sigma Olomouc | 0.5 | |
| 6. | Který chemický prvek je základ... | hořčík | 1 | |
| 7. | Podle čeho dostal svůj název p... | podle Polska | 1 | |
| 8. | Přiřaďte prvky k jejich proton... | 1C 2B 3A 4D | 1 | |
| 9. | Při pokojové teplotě jsou pouz... | rtuť, brom | 0.5 | |
| 10. | V roce 1869 zveřejnil Dmitrij... | Periodický zákon | 1 |